| 000 | 01161nam a2200229 i 4500 | ||
|---|---|---|---|
| 001 | 160959 | ||
| 003 | ES-MaACL | ||
| 005 | 20230906212149.0 | ||
| 008 | 960311m18761881sp |||| | spa d | ||
| 040 |
_aCYL _bspa _cCYL |
||
| 100 | 1 |
_aOliver y Esteller, Bienvenido. _9130627 |
|
| 245 | 1 | 0 |
_aHistoria del derecho en Cataluña, Mallorca y Valencia _b: código de las costumbres de Tortosa / _cpor Bienvenido Oliver. |
| 260 |
_aMadrid : _b[s.n.], _c1876-1881 ( _fImprenta de Miguel Ginesta) |
||
| 300 |
_a3 v. ; _c23 cm. |
||
| 505 | 8 | _aContiene: t.IV. Libre de les costums generals scrites de la insigne ciutat de Tortosa: texto auténtico del siglo XIII / que da á luz nuevamente, ilustrado con observaciones crítico literarias y un copioso vocabulario (XXIII, 556 p., [1] h. de lám. pleg.) Ejemp. nº 31 de una tirada de 50. | |
| 597 | _aAntep. | ||
| 597 | _aT.I. LXXX, 458 p. -- T.II. VIII, 546 p. -- T.III. 666 p. -- T.IV. XXIV, 573 p. | ||
| 650 | 0 | 4 |
_aDerecho- _zCataluña. _911606 |
| 650 | 4 |
_aDerecho- _zValencia (Reino) _9160984 |
|
| 650 | 4 |
_aDerecho- _zMallorca (Reino) _9160985 |
|
| 852 |
_aES-MaACL _jF-14280-82 _z-- Enc. hol. _q-- Falta tomo IV |
||
| 999 |
_c160959 _d160959 |
||